<?xml version="1.0" encoding="UTF-8"?>
<record
    xmlns:xsi="http://www.w3.org/2001/XMLSchema-instance"
    xsi:schemaLocation="http://www.loc.gov/MARC21/slim http://www.loc.gov/standards/marcxml/schema/MARC21slim.xsd"
    xmlns="http://www.loc.gov/MARC21/slim">

  <leader>00720n   a2200265 a 4500</leader>
  <controlfield tag="001">159</controlfield>
  <controlfield tag="003">OSt</controlfield>
  <controlfield tag="005">20220210170727.0</controlfield>
  <controlfield tag="008">220210b        |||||||| |||| 00| 0 eng d</controlfield>
  <datafield tag="022" ind1=" " ind2=" ">
    <subfield code="a">09725792</subfield>
  </datafield>
  <datafield tag="082" ind1=" " ind2=" ">
    <subfield code="a">300.5</subfield>
    <subfield code="b">J82J</subfield>
  </datafield>
  <datafield tag="245" ind1=" " ind2=" ">
    <subfield code="a">JOURNAL OF SOCIAL AND ECONOMIC DEVELOPMENT</subfield>
  </datafield>
  <datafield tag="260" ind1=" " ind2=" ">
    <subfield code="a">New Delhi</subfield>
    <subfield code="b">Springer</subfield>
    <subfield code="b">Institute for Social and Economic Change, Bengaluru</subfield>
  </datafield>
  <datafield tag="270" ind1=" " ind2=" ">
    <subfield code="d">India</subfield>
  </datafield>
  <datafield tag="362" ind1=" " ind2=" ">
    <subfield code="a">13</subfield>
  </datafield>
  <datafield tag="400" ind1=" " ind2=" ">
    <subfield code="f">1</subfield>
  </datafield>
  <datafield tag="410" ind1=" " ind2=" ">
    <subfield code="f">2011</subfield>
  </datafield>
  <datafield tag="653" ind1=" " ind2=" ">
    <subfield code="a">Social science</subfield>
  </datafield>
  <datafield tag="653" ind1=" " ind2=" ">
    <subfield code="a">Economics</subfield>
  </datafield>
  <datafield tag="653" ind1=" " ind2=" ">
    <subfield code="a">Political Science</subfield>
  </datafield>
  <datafield tag="653" ind1=" " ind2=" ">
    <subfield code="a">Sociology</subfield>
  </datafield>
  <datafield tag="653" ind1=" " ind2=" ">
    <subfield code="a">Demography and Development studies</subfield>
  </datafield>
  <datafield tag="856" ind1=" " ind2=" ">
    <subfield code="u">https://link.springer.com/journal/40847/volumes-and-issues</subfield>
  </datafield>
  <datafield tag="942" ind1=" " ind2=" ">
    <subfield code="2">ddc</subfield>
    <subfield code="c">JR</subfield>
    <subfield code="s">1</subfield>
  </datafield>
  <datafield tag="999" ind1=" " ind2=" ">
    <subfield code="c">23901</subfield>
    <subfield code="d">23901</subfield>
  </datafield>
  <datafield tag="952" ind1=" " ind2=" ">
    <subfield code="0">0</subfield>
    <subfield code="1">0</subfield>
    <subfield code="2">ddc</subfield>
    <subfield code="4">0</subfield>
    <subfield code="7">0</subfield>
    <subfield code="a">CURAJ</subfield>
    <subfield code="b">CURAJ</subfield>
    <subfield code="d">2017-11-30</subfield>
    <subfield code="h">13(1-2),JAN-2011,JUNE-2011,</subfield>
    <subfield code="l">0</subfield>
    <subfield code="o">300.5 J82J</subfield>
    <subfield code="p">BV73</subfield>
    <subfield code="r">2020-09-17</subfield>
    <subfield code="y">JR</subfield>
  </datafield>
  <datafield tag="952" ind1=" " ind2=" ">
    <subfield code="0">0</subfield>
    <subfield code="1">0</subfield>
    <subfield code="2">ddc</subfield>
    <subfield code="4">0</subfield>
    <subfield code="7">0</subfield>
    <subfield code="a">CURAJ</subfield>
    <subfield code="b">CURAJ</subfield>
    <subfield code="d">2017-11-30</subfield>
    <subfield code="h">14(1-2),JAN-2012,JUNE-2012,</subfield>
    <subfield code="l">0</subfield>
    <subfield code="o">300.5 J82J</subfield>
    <subfield code="p">BV144</subfield>
    <subfield code="r">2020-09-17</subfield>
    <subfield code="y">JR</subfield>
  </datafield>
  <datafield tag="952" ind1=" " ind2=" ">
    <subfield code="0">0</subfield>
    <subfield code="1">0</subfield>
    <subfield code="2">ddc</subfield>
    <subfield code="4">0</subfield>
    <subfield code="7">0</subfield>
    <subfield code="a">CURAJ</subfield>
    <subfield code="b">CURAJ</subfield>
    <subfield code="d">2017-11-30</subfield>
    <subfield code="h">15(0),JAN-2013,JUNE-2013,</subfield>
    <subfield code="l">0</subfield>
    <subfield code="o">300.5 J82J</subfield>
    <subfield code="p">BV222</subfield>
    <subfield code="r">2020-09-17</subfield>
    <subfield code="y">JR</subfield>
  </datafield>
  <datafield tag="952" ind1=" " ind2=" ">
    <subfield code="0">0</subfield>
    <subfield code="1">0</subfield>
    <subfield code="2">ddc</subfield>
    <subfield code="4">0</subfield>
    <subfield code="5">1</subfield>
    <subfield code="7">1</subfield>
    <subfield code="a">CURAJ</subfield>
    <subfield code="b">CURAJ</subfield>
    <subfield code="d">2023-04-03</subfield>
    <subfield code="h">21(1-2), JUN., DEC., 2019</subfield>
    <subfield code="l">0</subfield>
    <subfield code="o">300.5 J82J</subfield>
    <subfield code="p">BV762</subfield>
    <subfield code="r">2023-04-03</subfield>
    <subfield code="w">2023-04-03</subfield>
    <subfield code="y">JR</subfield>
  </datafield>
  <datafield tag="952" ind1=" " ind2=" ">
    <subfield code="0">0</subfield>
    <subfield code="1">0</subfield>
    <subfield code="2">ddc</subfield>
    <subfield code="4">0</subfield>
    <subfield code="5">1</subfield>
    <subfield code="7">1</subfield>
    <subfield code="a">CURAJ</subfield>
    <subfield code="b">CURAJ</subfield>
    <subfield code="d">2023-04-03</subfield>
    <subfield code="h">16(1-2) JAN., JUL., 2014, 17(1-2) APR., OCT., 2015</subfield>
    <subfield code="l">0</subfield>
    <subfield code="o">300.5 J82J</subfield>
    <subfield code="p">BV759</subfield>
    <subfield code="r">2023-04-03</subfield>
    <subfield code="w">2023-04-03</subfield>
    <subfield code="y">JR</subfield>
  </datafield>
  <datafield tag="952" ind1=" " ind2=" ">
    <subfield code="0">0</subfield>
    <subfield code="1">0</subfield>
    <subfield code="2">ddc</subfield>
    <subfield code="4">0</subfield>
    <subfield code="5">1</subfield>
    <subfield code="7">1</subfield>
    <subfield code="a">CURAJ</subfield>
    <subfield code="b">CURAJ</subfield>
    <subfield code="d">2023-04-03</subfield>
    <subfield code="h">18(1-2),19(1-2) APR., OCT., 2016-2017</subfield>
    <subfield code="l">0</subfield>
    <subfield code="o">300.5 J82J</subfield>
    <subfield code="p">BV760</subfield>
    <subfield code="r">2023-04-03</subfield>
    <subfield code="w">2023-04-03</subfield>
    <subfield code="y">JR</subfield>
  </datafield>
  <datafield tag="952" ind1=" " ind2=" ">
    <subfield code="0">0</subfield>
    <subfield code="1">0</subfield>
    <subfield code="2">ddc</subfield>
    <subfield code="4">0</subfield>
    <subfield code="5">1</subfield>
    <subfield code="7">1</subfield>
    <subfield code="a">CURAJ</subfield>
    <subfield code="b">CURAJ</subfield>
    <subfield code="d">2023-04-13</subfield>
    <subfield code="h">22(1-2), JUN., DEC., 2020</subfield>
    <subfield code="l">0</subfield>
    <subfield code="o">300.5 J82J</subfield>
    <subfield code="p">BV763</subfield>
    <subfield code="r">2023-04-13</subfield>
    <subfield code="w">2023-04-13</subfield>
    <subfield code="y">JR</subfield>
  </datafield>
  <datafield tag="952" ind1=" " ind2=" ">
    <subfield code="0">0</subfield>
    <subfield code="1">0</subfield>
    <subfield code="2">ddc</subfield>
    <subfield code="4">0</subfield>
    <subfield code="5">1</subfield>
    <subfield code="7">1</subfield>
    <subfield code="a">CURAJ</subfield>
    <subfield code="b">CURAJ</subfield>
    <subfield code="d">2023-04-17</subfield>
    <subfield code="h">20(1-2), APR., OCT. 2018</subfield>
    <subfield code="l">0</subfield>
    <subfield code="o">300.5 J82J</subfield>
    <subfield code="p">BV761</subfield>
    <subfield code="r">2023-04-17</subfield>
    <subfield code="w">2023-04-17</subfield>
    <subfield code="y">JR</subfield>
  </datafield>
</record>
